000 01492pab a2200181 454500
008 180718b2018 xxu||||| |||| 00| 0 eng d
100 _aThorpe, Amelia
245 _aHegel's Hipsters: claiming ownership in the contemporary city
260 _c2018
300 _ap.25-48.
362 _aFeb
520 _aProperty is both revered and reviled. Praised for its connections to autonomy, agency, power and community, property attracts scorching critiques for its implication in exclusion, inequality and injustice. This article provides a new perspective from which to examine this dual nature of property. Drawing on fieldwork in the United States, Canada, Australia and New Zealand, property is examined in the context of citizen and community-led ムdo-it-yourselfメ interventions in the urban environment. Perhaps even more than in formal planning processes, claims about ownership are central to these activities. Finding multiple forms of property at work in the city, and noting that formal legal title is often less important than more informal ownership, this article sheds new light on some of the oldest debates in property. Amongst echoes of Lockean labour-based theory, Hegelian personhood theory emerges as particularly helpful in explaining the intimate connections between property and identity, community and power in the city. - Reprodu
650 _aCommunity
650 _aProperty theory
650 _aProperty
773 _aSocial & Legal Studies
909 _a116535
999 _c116529
_d116529